000 00423pab a2200169 454500
008 180718b2009 xxu||||| |||| 00| 0 eng d
100 _aSaini, Debi S.
245 _aRural development international
260 _c2009
300 _ap.214-22.
650 _aLabour disputes
650 _aNongovernmental organizations
650 _aRural development
773 _aManagement and Change
908 _aN
909 _a86450
999 _c86450
_d86450